|
|
|
|
| LEADER |
01434nam a22002777a 4500 |
| 001 |
14067 |
| 003 |
BD-DhAAL |
| 008 |
231224t2002 bg a s o000 0 eng d |
| 020 |
|
|
|a 9845084451
|
| 040 |
|
|
|a BD-DhAAL
|c BD-DhAAL
|
| 082 |
0 |
0 |
|a 315.492
|2 22
|
| 245 |
0 |
0 |
|a Statistical yearbook of Bangladesh 2000 :
|b বাংলাদেশ পরিসংখ্যান বর্ষগ্রন্থ-২০০০.
|
| 246 |
3 |
1 |
|a বাংলাদেশ পরিসংখ্যান বর্ষগ্রন্থ -২০০০
|
| 250 |
|
|
|a Twenty-first edition.
|
| 260 |
|
|
|a Dhaka :
|b Bangladesh Bureau of Statistics, Planning Division, Ministry of Planning, Govt. of the People's Republic of Bangladesh,
|c 2002.
|
| 300 |
|
|
|a xxiv, 660 pages :
|b charts, tables ;
|c 29 cm.
|
| 310 |
|
|
|a Annual (irregular)
|
| 541 |
|
|
|e 14067, 14068
|
| 651 |
|
0 |
|a Bangladesh
|v Statistics
|v Periodicals.
|9 3497
|
| 651 |
|
0 |
|a Bangladesh
|x Economic conditions
|v Statistics
|v Periodicals.
|9 3498
|
| 710 |
2 |
|
|a Bangladesh
|b Parishangkhan Bureau.
|9 3499
|
| 852 |
1 |
|
|a Ayesha Abed Library
|c Reference Section
|
| 942 |
|
|
|2 ddc
|c BK
|
| 999 |
|
|
|c 46257
|d 46257
|
| 952 |
|
|
|0 0
|1 0
|2 ddc
|4 0
|6 315_492000000000000_STA
|7 0
|9 74878
|a BRACUL
|b BRACUL
|c REF
|d 2023-12-24
|g 450.00
|l 0
|o 315.492 STA
|p 3010014067
|r 2023-12-24
|t 1
|w 2023-12-24
|y BK
|
| 952 |
|
|
|0 0
|1 0
|2 ddc
|4 0
|6 315_492000000000000_STA
|7 0
|9 74885
|a BRACUL
|b BRACUL
|c REF
|d 2023-12-27
|g 450.00
|l 0
|o 315.492 STA
|p 3010014068
|r 2023-12-27
|t 2
|w 2023-12-27
|y BK
|